Las Perspectivas del reformismo en Costa Rica /
Đã lưu trong:
| Tác giả chính: | |
|---|---|
| Tác giả khác: | |
| Định dạng: | Texto |
| Ngôn ngữ: | Spanish |
| Được phát hành: |
San José:
DEI; EDUCA
|
| Các nhãn: |
Thêm thẻ
Không có thẻ, Là người đầu tiên thẻ bản ghi này!
|
MARC
| LEADER | 00000 a a2200000 04500 | ||
|---|---|---|---|
| 001 | 23848 | ||
| 003 | cru CIDCACS/IIS | ||
| 005 | 20221028062551.0 | ||
| 008 | 221027b |||||||| |||| 00| 0 spa d | ||
| 040 | |c cru CIDCACS/IIS | ||
| 090 | |a 164200 | ||
| 100 | 1 | |a Solís Avendaño, Manuel Antonio |d 1952- |9 7547 | |
| 245 | |a Las Perspectivas del reformismo en Costa Rica / |c Manuel Antonio Solís Avendaño y Francisco Esquivel | ||
| 260 | |a San José: |b DEI; EDUCA | ||
| 300 | |a 100 páginas | ||
| 700 | |a Esquivel, Francisco | ||
| 942 | |2 z |c LI | ||
| 999 | |c 15737 |d 15737 | ||
